000
00199 a2200097 4500
001
9011
100
_a
Young, B W M
245
_a
Intelligent reading
260
_a
_b
Longmans
_c
090
_c
7197
_d
7197
942
_a
NUST-CAE
_c
M
_c
33819
999
_c
244084
_d
244084